[Event "Southern California-ch"]
[Site "Temecula"]
[Date "2024.06.15"]
[Round "4"]
[White "Shlyakhtenko, Robert"]
[Black "Costello, Alexander"]
[Result "1-0"]
[WhiteElo "2402"]
[BlackElo "2219"]
[PlyCount "47"]
[EventDate "2024.06.13"]
[EventType "tourn"]
[EventRounds "7"]
[EventCountry "USA"]
[EventCategory "7"]
[SourceTitle "CB25_2024"]
[SourceDate "2024.06.01"]
[SourceVersion "1"]
[SourceVersionDate "2024.06.01"]
[SourceQuality "2"]

1. d4 Nf6 2. c4 e6 3. Nc3 Bb4 4. e3 Bxc3+ 5. bxc3 d6 6. Bd3 e5 7. Ne2 c5 8. 0-0 Nc6 9. e4 0-0 10. h3 b6 11. Be3 Ba6 12. f4 Nd7 13. fxe5 cxd4 14. cxd4 dxe5 15. d5 Nb4 16. Ng3 Rc8 17. Rc1 Nxa2 18. Ra1 Nb4 19. Ra4 Nxd3 20. Qxd3 Bb7 21. Rxa7 Qc7 22. Nf5 Nc5 23. Bxc5 Qxc5+ 24. Qe3 1-0

[Event "Southern California-ch"]
[Site "Temecula"]
[Date "2024.06.14"]
[Round "3"]
[White "Costello, Alexander"]
[Black "Akopian, Vladimir Eduardovic"]
[Result "1/2-1/2"]
[WhiteElo "2219"]
[BlackElo "2586"]
[PlyCount "146"]
[EventDate "2024.06.13"]
[EventType "tourn"]
[EventRounds "7"]
[EventCountry "USA"]
[EventCategory "7"]
[SourceTitle "CB25_2024"]
[SourceDate "2024.06.01"]
[SourceVersion "1"]
[SourceVersionDate "2024.06.01"]
[SourceQuality "2"]

1. e4 e6 2. d4 d5 3. Nc3 Bb4 4. exd5 exd5 5. Bd3 Nf6 6. a3 Bxc3+ 7. bxc3 0-0 8. Ne2 c5 9. dxc5 Nbd7 10. Be3 Qe7 11. 0-0 Nxc5 12. Ng3 Nce4 13. Bd4 Be6 14. Re1 Qc7 15. Nh5 Nxh5 16. Qxh5 Qf4 17. f3 g6 18. Be5 Nf6 19. Qxh7+ Kxh7 20. Bxf4 Nd7 21. Be3 Rfc8 22. Bd4 Nc5 23. h4 Nxd3 24. cxd3 Re8 25. Kf2 Bf5 26. Red1 Bd7 27. g4 f5 28. Kg3 fxg4 29. fxg4 a6 30. Rf1 Kg8 31. Rf6 Re6 32. Raf1 Rae8 33. Rf7 R6e7 34. R7f3 Re1 35. Rxe1 Rxe1 36. Kf4 Re2 37. Kg5 Rg2 38. Rf4 b5 39. h5 gxh5 40. Kxh5 Rh2+ 41. Kg6 Rh4 42. Kg5 Rh7 43. Rf3 Rh2 44. Kf6 Rh6+ 45. Kg5 Rh7 46. Bf6 Rh2 47. Kf4 Rh6 48. Bd4 Rh7 49. Ke5 Rg7 50. Kxd5 Bxg4 51. Rf6 Be2 52. Rxa6 Rg4 53. c4 bxc4 54. dxc4 Rg5+ 55. Be5 Bxc4+ 56. Kxc4 Rxe5 57. Rf6 Re4+ 58. Kc5 Ra4 59. Rf3 Ra8 60. Kb6 Kg7 61. Kb5 Rb8+ 62. Kc4 Ra8 63. Kb4 Rb8+ 64. Kc3 Ra8 65. Kc4 Rc8+ 66. Kb5 Rb8+ 67. Ka6 Ra8+ 68. Kb7 Ra4 69. Rc3 Kf7 70. Kb6 Ke7 71. Kb5 Ra8 72. a4 Rb8+ 73. Kc5 Rc8+ 1/2-1/2

[Event "Southern California-ch"]
[Site "Temecula"]
[Date "2024.06.14"]
[Round "2"]
[White "Hakobyan, Eduard"]
[Black "Costello, Alexander"]
[Result "1-0"]
[WhiteElo "2297"]
[BlackElo "2219"]
[PlyCount "79"]
[EventDate "2024.06.13"]
[EventType "tourn"]
[EventRounds "7"]
[EventCountry "USA"]
[EventCategory "7"]
[SourceTitle "CB25_2024"]
[SourceDate "2024.06.01"]
[SourceVersion "1"]
[SourceVersionDate "2024.06.01"]
[SourceQuality "2"]

1. c4 e5 2. Nc3 Nf6 3. g3 Bb4 4. Bg2 0-0 5. Nf3 Re8 6. 0-0 c6 7. d3 Bxc3 8. bxc3 d5 9. Nd2 Be6 10. Rb1 Qc7 11. Qb3 b6 12. cxd5 Bxd5 13. Qc2 Bxg2 14. Kxg2 c5 15. e4 Nbd7 16. Nc4 Rac8 17. a4 Qc6 18. f3 a6 19. Be3 Rb8 20. Rb2 Red8 21. Rfb1 Ne8 22. f4 f5 23. fxe5 fxe4 24. dxe4 Nc7 25. Rd1 Qe6 26. Qe2 b5 27. axb5 axb5 28. Rd6 Qe7 29. Rbd2 Ne8 30. Na5 Nxe5 31. Rxd8 Rxd8 32. Rxd8 Qxd8 33. Qxb5 Qa8 34. Nb7 Nf6 35. Qxc5 Qa2+ 36. Bf2 Nd3 37. Qc8+ Kf7 38. Nd6+ Ke7 39. Nf5+ Kf7 40. Qc7+ 1-0

[Event "Biel HTO 56th"]
[Site "Biel"]
[Date "2023.07.25"]
[Round "8"]
[White "Morawietz, Dieter"]
[Black "Costello, Alexander"]
[Result "1-0"]
[WhiteElo "2396"]
[BlackElo "2224"]
[PlyCount "67"]
[EventDate "2023.07.17"]
[EventType "swiss"]
[EventRounds "10"]
[EventCountry "SUI"]
[SourceTitle "CBM 215 Extra"]
[Source "ChessBase"]
[SourceDate "2023.09.30"]
[SourceVersion "1"]
[SourceVersionDate "2023.09.30"]
[SourceQuality "1"]

1. d4 Nf6 2. c4 g6 3. Nc3 d5 4. Bg5 Ne4 5. Bh4 Nxc3 6. bxc3 c5 7. e3 Nc6 8. Nf3 Bg7 9. cxd5 Qxd5 10. Be2 cxd4 11. cxd4 Qa5+ 12. Qd2 Be6 13. Rb1 b6 14. Bb5 Bd7 15. 0-0 Qxd2 16. Nxd2 Na5 17. Ba6 Bc6 18. Nb3 Nxb3 19. Rxb3 e5 20. Rc3 Bd7 21. Rc7 Be6 22. Bb7 Rb8 23. Bc6+ Kf8 24. d5 Bf5 25. Be7+ Kg8 26. d6 Bf8 27. Bd5 Kg7 28. e4 Bc8 29. Rfc1 Ba6 30. Rxa7 Bxe7 31. Rxe7 Rbd8 32. Rxf7+ Kh6 33. Rc6 Bb7 34. Rxb7 1-0

[Event "Biel HTO 56th"]
[Site "Biel"]
[Date "2023.07.23"]
[Round "6"]
[White "Sukandar, Irine Kharisma"]
[Black "Costello, Alexander"]
[Result "1-0"]
[WhiteElo "2358"]
[BlackElo "2224"]
[PlyCount "133"]
[EventDate "2023.07.17"]
[EventType "swiss"]
[EventRounds "10"]
[EventCountry "SUI"]
[SourceTitle "CBM 215 Extra"]
[Source "ChessBase"]
[SourceDate "2023.09.30"]
[SourceVersion "1"]
[SourceVersionDate "2023.09.30"]
[SourceQuality "1"]

1. e4 c5 2. Nf3 Nc6 3. Bb5 e6 4. Bxc6 bxc6 5. d3 Ne7 6. 0-0 Ng6 7. e5 Be7 8. Nc3 f6 9. exf6 gxf6 10. Bh6 e5 11. Nd2 Qb6 12. Qh5 Rg8 13. Be3 d6 14. f4 Kd8 15. Qxh7 Be6 16. f5 Nf8 17. Qh5 Bd7 18. Nce4 Be8 19. Qh6 Nd7 20. Qh7 Rf8 21. Rab1 Rf7 22. Qh8 d5 23. Ng3 a5 24. a3 Qc7 25. Nh5 Bf8 26. Bh6 Qd6 27. Rbe1 Rb8 28. b3 Qe7 29. Nf4 Rh7 30. Ne6+ Kc8 31. Bxf8 Qf7 32. Qxh7 Qxh7 33. Bd6 Rb7 34. Rf2 Bf7 35. Re3 Qg8 36. Nxc5 Nxc5 37. Bxc5 Bh5 38. b4 a4 39. Nf1 Rg7 40. Ng3 Be8 41. Re1 Rg5 42. Rc1 Bf7 43. Rb1 Rg4 44. Ne2 d4 45. h3 Rh4 46. Kh2 Bd5 47. c4 dxc3 48. Nxc3 Rf4 49. Rbf1 Kb7 50. g4 Rxf2+ 51. Rxf2 Qg5 52. Nxa4 Qc1 53. Nb6 Qd1 54. Nxd5 cxd5 55. g5 Qh5 56. gxf6 d4 57. f7 Qxf7 58. f6 Kc6 59. a4 Kd5 60. a5 e4 61. dxe4+ Kxe4 62. a6 Ke3 63. a7 Qc7+ 64. Kg2 Qc6+ 65. Kg1 Qd5 66. f7 Qg5+ 67. Rg2 1-0

[Event "Biel HTO 56th"]
[Site "Biel"]
[Date "2023.07.18"]
[Round "2"]
[White "Stijve, Niels"]
[Black "Costello, Alexander"]
[Result "0-1"]
[WhiteElo "2088"]
[BlackElo "2224"]
[PlyCount "74"]
[EventDate "2023.07.17"]
[EventType "swiss"]
[EventRounds "10"]
[EventCountry "SUI"]
[SourceTitle "CBM 215 Extra"]
[Source "ChessBase"]
[SourceDate "2023.09.30"]
[SourceVersion "1"]
[SourceVersionDate "2023.09.30"]
[SourceQuality "1"]

1. e4 c5 2. Nf3 Nc6 3. d4 cxd4 4. Nxd4 Qb6 5. Nb3 Nf6 6. Nc3 e6 7. Be3 Qc7 8. Qd2 Bb4 9. f3 d5 10. a3 Bxc3 11. Qxc3 e5 12. Bg5 d4 13. Qd2 Nb8 14. Rc1 Be6 15. Bd3 Nbd7 16. 0-0 0-0 17. f4 Qb6 18. Na5 exf4 19. Rxf4 Ng4 20. Nc4 Qc5 21. Bh4 Rac8 22. h3 Bxc4 23. hxg4 Bxd3 24. Qxd3 Ne5 25. Qf1 Ng6 26. Rf5 Qc6 27. Bg3 Qxe4 28. c4 dxc3 29. bxc3 Qxg4 30. Bd6 Rfd8 31. Bb4 f6 32. Rf2 Ne5 33. Rf4 Qg3 34. Rc2 Ng4 35. Qf3 Qh2+ 36. Kf1 Qh1+ 37. Ke2 Qd1# 0-1

[Event "Speed Chess Q2"]
[Site "Chess.com INT"]
[Date "2022.11.12"]
[Round "7"]
[White "Boros, Denes"]
[Black "Costello, Alexander"]
[Result "1-0"]
[WhiteElo "2402"]
[BlackElo "2224"]
[PlyCount "79"]
[EventDate "2022.11.12"]
[EventType "swiss (blitz)"]
[EventRounds "14"]
[EventCountry "USA"]
[SourceTitle "CBM 211 Extra"]
[Source "ChessBase"]
[SourceDate "2023.01.31"]
[SourceVersion "1"]
[SourceVersionDate "2023.01.31"]
[SourceQuality "1"]

1. d4 Nf6 2. Nc3 d5 3. Nf3 Bf5 4. Nh4 Bd7 5. Bg5 e6 6. Nf3 Be7 7. e3 c5 8. dxc5 0-0 9. Bd3 h6 10. Bf4 Bxc5 11. g4 Nc6 12. g5 Nh5 13. gxh6 Nxf4 14. exf4 gxh6 15. Qd2 Qf6 16. 0-0-0 Kh8 17. Ne5 Nxe5 18. fxe5 Qg5 19. f4 Qh4 20. Kb1 Rg8 21. a3 Rg4 22. Rdf1 Rag8 23. f5 Rg2 24. Ne2 exf5 25. e6 Rxe2 26. Qxe2 Bxe6 27. Qe5+ Rg7 28. Bxf5 Bd4 29. Qd6 Bxf5 30. Rxf5 Qe4 31. Qxd5 Qxd5 32. Rxd5 Bb6 33. Rd7 Kg8 34. Rxb7 Rg2 35. c4 f5 36. Rd1 f4 37. c5 Bxc5 38. Rd8+ Bf8 39. Rbb8 Kg7 40. Rxf8 1-0

[Event "Speed Chess Q2"]
[Site "Chess.com INT"]
[Date "2022.11.12"]
[Round "8"]
[White "Costello, Alexander"]
[Black "Hansen, Eric"]
[Result "0-1"]
[WhiteElo "2224"]
[BlackElo "2609"]
[PlyCount "70"]
[EventDate "2022.11.12"]
[EventType "swiss (blitz)"]
[EventRounds "14"]
[EventCountry "USA"]
[SourceTitle "CBM 211 Extra"]
[Source "ChessBase"]
[SourceDate "2023.01.31"]
[SourceVersion "1"]
[SourceVersionDate "2023.01.31"]
[SourceQuality "1"]

1. e4 c5 2. Nf3 e6 3. b3 d6 4. d4 cxd4 5. Nxd4 Nf6 6. Bd3 Nbd7 7. 0-0 Nc5 8. Re1 Be7 9. Bb2 0-0 10. Nc3 a6 11. a4 Qc7 12. Qd2 b6 13. Bf1 Bb7 14. f3 Rfd8 15. Rad1 Rac8 16. Kh1 h5 17. Nce2 d5 18. e5 Nfd7 19. Nf4 Bg5 20. g3 Nxe5 21. Ndxe6 Nxe6 22. Bxe5 Qxc2 23. Qb4 Bxf4 24. gxf4 Qf2 25. Bg2 Rc2 26. Rg1 Qc5 27. Qe1 Qf2 28. f5 Ng5 29. Bd4 Qxe1 30. Rdxe1 f6 31. Re7 Bc8 32. f4 Kf8 33. Ra7 Ne4 34. Bxb6 Re8 35. Bf3 Bxf5 0-1

[Event "Speed Chess Q2"]
[Site "Chess.com INT"]
[Date "2022.11.12"]
[Round "13"]
[White "Koc, Przemyslaw"]
[Black "Costello, Alexander"]
[Result "1-0"]
[WhiteElo "2346"]
[BlackElo "2224"]
[PlyCount "71"]
[EventDate "2022.11.12"]
[EventType "swiss (blitz)"]
[EventRounds "14"]
[EventCountry "USA"]
[SourceTitle "CBM 211 Extra"]
[Source "ChessBase"]
[SourceDate "2023.01.31"]
[SourceVersion "1"]
[SourceVersionDate "2023.01.31"]
[SourceQuality "1"]

1. d4 Nf6 2. Bg5 Ne4 3. Bf4 d5 4. Nd2 Bf5 5. f3 Nf6 6. g4 Bg6 7. h4 h6 8. h5 Bh7 9. c3 c5 10. Qb3 Qb6 11. dxc5 Qxb3 12. axb3 Nc6 13. b4 e5 14. Bg3 Be7 15. b5 Nb8 16. Bxe5 Nbd7 17. Bd6 Nxc5 18. Bxe7 Kxe7 19. Nh3 Rhe8 20. Nf4 Kd6 21. Kf2 Nfd7 22. Rd1 Bc2 23. Nc4+ Ke7 24. Nxd5+ Kf8 25. Rd2 Bb3 26. e4 Bxc4 27. Bxc4 Rac8 28. Be2 Ne5 29. Ne3 Red8 30. Rhd1 Rxd2 31. Rxd2 Ke8 32. Nf5 Nxg4+ 33. fxg4 Nxe4+ 34. Ke3 Nxd2 35. Nd6+ Kd7 36. Nxc8 1-0

[Event "US op 122nd"]
[Site "Rancho Mirage"]
[Date "2022.08.07"]
[Round "9"]
[White "Costello, Alexander"]
[Black "Akobian, Varuzhan"]
[Result "1/2-1/2"]
[WhiteElo "2232"]
[BlackElo "2591"]
[PlyCount "143"]
[EventDate "2022.07.30"]
[EventType "swiss"]
[EventRounds "9"]
[EventCountry "USA"]
[SourceTitle "CBM 209 Extra"]
[Source "ChessBase"]
[SourceDate "2022.09.30"]
[SourceVersion "1"]
[SourceVersionDate "2022.09.30"]
[SourceQuality "1"]

1. e4 c6 2. d4 d5 3. Nc3 dxe4 4. Nxe4 Nd7 5. Bd3 Ngf6 6. Ng5 e6 7. Qe2 Bd6 8. N1f3 h6 9. Ne4 Nxe4 10. Qxe4 Nf6 11. Qe2 b6 12. 0-0 Bb7 13. b3 Qc7 14. c4 0-0 15. Bb2 Rfe8 16. Rac1 c5 17. dxc5 Bf4 18. Bxf6 gxf6 19. Rcd1 f5 20. cxb6 axb6 21. Rfe1 Bxf3 22. Qxf3 Bxh2+ 23. Kh1 Bd6 24. a4 Rad8 25. g3 Bb4 26. Rf1 Rd4 27. Be2 Bd2 28. Bd3 Bb4 29. Be2 Red8 30. Rxd4 Rxd4 31. Rd1 Qd6 32. Rd3 Bc5 33. Kg2 Kg7 34. Qe3 Rxd3 35. Qxd3 Qe5 36. Qd2 Qe4+ 37. Bf3 Qb1 38. Qc3+ Kg8 39. Qd2 Kg7 40. Qc3+ Kg8 41. Qd2 Qxb3 42. Qxh6 Be7 43. Qf4 Qxa4 44. Qc7 Qb4 45. Qb8+ Bf8 46. Qc7 Be7 47. Qb8+ Kg7 48. Qe8 Bf6 49. Bh5 Qe7 50. Qxe7 Bxe7 51. f4 Bc5 52. Kf3 f6 53. Be8 Kf8 54. Bd7 Ke7 55. Bc8 Kd6 56. Ke2 Bb4 57. Kf2 Bc3 58. Ke2 Bb2 59. Kf2 Bc1 60. Kf3 Bd2 61. Ke2 Bc1 62. Kf3 e5 63. Bxf5 Kc5 64. fxe5 fxe5 65. Ke4 Kxc4 66. Kxe5 b5 67. g4 b4 68. Be6+ Kc3 69. Kf5 b3 70. Bxb3 Kxb3 71. g5 Bxg5 72. Kxg5 1/2-1/2

[Event "US op 122nd"]
[Site "Rancho Mirage"]
[Date "2022.08.01"]
[Round "3"]
[White "Costello, Alexander"]
[Black "Gasparyan, Davit"]
[Result "1-0"]
[WhiteElo "2232"]
[BlackElo "1765"]
[PlyCount "61"]
[EventDate "2022.07.30"]
[EventType "swiss"]
[EventRounds "9"]
[EventCountry "USA"]
[SourceTitle "CBM 209 Extra"]
[Source "ChessBase"]
[SourceDate "2022.09.30"]
[SourceVersion "1"]
[SourceVersionDate "2022.09.30"]
[SourceQuality "1"]

1. e4 c5 2. Nf3 Nc6 3. d4 cxd4 4. Nxd4 g6 5. Nc3 Bg7 6. Be3 Nf6 7. Bc4 0-0 8. Bb3 Re8 9. 0-0 d6 10. h3 Bd7 11. Qd3 Na5 12. f4 Nxb3 13. axb3 e5 14. fxe5 dxe5 15. Ndb5 Bxb5 16. Qxb5 b6 17. Rad1 Qc8 18. Bg5 Nh5 19. Rd7 f6 20. Be3 Kh8 21. Rfd1 f5 22. Bg5 h6 23. Be7 Rg8 24. R1d6 fxe4 25. Rxg6 Qe8 26. Qc6 Kh7 27. Rgd6 Nf4 28. Qxe4+ Kh8 29. Bg5 Qxd7 30. Rxd7 hxg5 31. Nd5 1-0

[Event "North American op 31st"]
[Site "Las Vegas"]
[Date "2021.12.26"]
[Round "2"]
[White "Shabalov, Alexander"]
[Black "Costello, Alexander"]
[Result "1/2-1/2"]
[WhiteElo "2504"]
[BlackElo "2243"]
[PlyCount "75"]
[EventDate "2021.12.26"]
[EventType "swiss"]
[EventRounds "9"]
[EventCountry "USA"]
[SourceTitle "CBM 205 Extra"]
[Source "ChessBase"]
[SourceDate "2022.01.31"]
[SourceVersion "1"]
[SourceVersionDate "2022.01.31"]
[SourceQuality "1"]

1. e4 e5 2. Nf3 Nc6 3. Bb5 a6 4. Ba4 Nf6 5. 0-0 Be7 6. Re1 b5 7. Bb3 d6 8. c3 0-0 9. h3 Na5 10. Bc2 c5 11. d4 Nd7 12. Nbd2 exd4 13. cxd4 Nc6 14. d5 Nce5 15. Nh2 Ng6 16. a4 Nb6 17. a5 Nd7 18. g3 c4 19. f4 Nc5 20. Ndf3 f5 21. e5 Bb7 22. e6 Rc8 23. Nf1 Bf6 24. Ne3 Ne7 25. g4 fxg4 26. hxg4 g6 27. f5 gxf5 28. Nxf5 Nxf5 29. Bxf5 Qe7 30. Re2 Nd3 31. Rh2 Bxd5 32. Be3 Rc7 33. Qe2 Be5 34. Nxe5 dxe5 35. Rf1 Qd6 36. Bh6 Qc5+ 37. Be3 Qd6 38. Bh6 1/2-1/2

[Event "Las Vegas National op"]
[Site "Las Vegas"]
[Date "2021.06.18"]
[Round "4"]
[White "Yoo, Christopher Woojin"]
[Black "Costello, Alexander"]
[Result "1-0"]
[WhiteElo "2457"]
[BlackElo "2259"]
[PlyCount "119"]
[EventDate "2021.06.16"]
[EventType "swiss"]
[EventRounds "9"]
[EventCountry "USA"]
[SourceTitle "CBM 203 Extra"]
[Source "ChessBase"]
[SourceDate "2021.09.30"]
[SourceVersion "1"]
[SourceVersionDate "2021.09.30"]
[SourceQuality "1"]

1. d4 Nf6 2. c4 e6 3. Nf3 b6 4. g3 Ba6 5. Qa4 c5 6. Bg2 Bb7 7. 0-0 Be7 8. dxc5 bxc5 9. Nc3 Qb6 10. Bf4 0-0 11. Rfd1 d6 12. Rd2 h6 13. Rad1 e5 14. Be3 Nc6 15. Qb3 Qxb3 16. axb3 Rfb8 17. Nb5 Ne4 18. Rc2 Nb4 19. Rcc1 a6 20. Nc3 Nf6 21. h3 Nc6 22. Nd2 Nd4 23. Bxd4 exd4 24. Nd5 Kf8 25. Ra1 Bd8 26. Ra3 Nxd5 27. Bxd5 a5 28. Rda1 Ra7 29. h4 Bc8 30. Ne4 Bc7 31. e3 f5 32. Nd2 dxe3 33. fxe3 Bd8 34. e4 Bf6 35. Rxa5 Re7 36. Rb5 Rxb5 37. cxb5 Bb7 38. b6 fxe4 39. Bxb7 Rxb7 40. Ra8+ Ke7 41. Ra7 Rd7 42. b7 c4 43. b8Q Bd4+ 44. Kf1 Bxa7 45. Qg8 e3 46. Qxg7+ Kd8 47. Qf8+ Kc7 48. Nxc4 d5 49. Qf4+ Kb7 50. Nxe3 d4 51. Qe4+ Kb8 52. Nd5 Rf7+ 53. Ke2 Rf2+ 54. Kxf2 d3+ 55. Ke1 Bf2+ 56. Kxf2 d2 57. Qe8+ Kb7 58. Qd7+ Ka8 59. Qc8+ Ka7 60. Qc7+ 1-0

[Event "PNWCC Online Masters"]
[Site "Chess.com INT"]
[Date "2020.05.24"]
[Round "6.24"]
[White "Costello, Alexander"]
[Black "Singh, Hersh"]
[Result "1-0"]
[WhiteElo "2258"]
[BlackElo "1906"]
[PlyCount "105"]
[EventDate "2020.05.23"]
[EventType "swiss (rapid)"]
[EventRounds "9"]
[EventCountry "USA"]
[SourceTitle "CBM 196 Extra"]
[Source "ChessBase"]
[SourceDate "2020.07.31"]
[SourceVersion "1"]
[SourceVersionDate "2020.07.31"]
[SourceQuality "1"]

1. e4 e5 2. Nf3 Nc6 3. Bb5 a6 4. Ba4 Nf6 5. 0-0 Be7 6. Re1 b5 7. Bb3 d6 8. c3 0-0 9. h3 Nb8 10. d4 Nbd7 11. Nbd2 Bb7 12. Bc2 Re8 13. Nf1 Bf8 14. Ng3 g6 15. a4 Nb6 16. dxe5 dxe5 17. Qxd8 Raxd8 18. axb5 axb5 19. Bg5 Bg7 20. Ra7 Rb8 21. Bd3 c6 22. Be3 Nc8 23. Ra5 Bf8 24. Nf1 Nd7 25. N1d2 Bc5 26. Bxc5 Nxc5 27. Bc2 Nb6 28. b4 Ncd7 29. Bb3 Kg7 30. c4 bxc4 31. Nxc4 Nxc4 32. Bxc4 Ra8 33. Rd1 Rxa5 34. bxa5 Nc5 35. Ng5 Re7 36. Nxf7 Rxf7 37. Bxf7 Kxf7 38. Rb1 Ke7 39. Rxb7+ Kd6 40. Rxh7 Na6 41. Rg7 Kc5 42. Rxg6 Kb5 43. Re6 c5 44. Rxe5 Kb4 45. Re6 Kxa5 46. Rxa6+ Kxa6 47. Kf1 Kb5 48. Ke2 Kb4 49. Kd2 Kb3 50. Kc1 c4 51. e5 c3 52. e6 c2 53. e7 1-0

[Event "PNWCC Online Masters"]
[Site "Chess.com INT"]
[Date "2020.05.24"]
[Round "5.30"]
[White "Yang, Alexander Z"]
[Black "Costello, Alexander"]
[Result "0-1"]
[WhiteElo "1630"]
[BlackElo "2258"]
[PlyCount "138"]
[EventDate "2020.05.23"]
[EventType "swiss (rapid)"]
[EventRounds "9"]
[EventCountry "USA"]
[SourceTitle "CBM 196 Extra"]
[Source "ChessBase"]
[SourceDate "2020.07.31"]
[SourceVersion "1"]
[SourceVersionDate "2020.07.31"]
[SourceQuality "1"]

1. d4 Nf6 2. c4 g6 3. Nc3 d5 4. cxd5 Nxd5 5. e4 Nxc3 6. bxc3 Bg7 7. Bc4 c5 8. Ne2 0-0 9. 0-0 Nc6 10. Be3 Bg4 11. f3 Bd7 12. Rc1 Qc7 13. Qd2 b6 14. Bh6 Rad8 15. Bxg7 Kxg7 16. Qe3 Na5 17. Bd3 e6 18. Qf4 Qxf4 19. Nxf4 Ba4 20. d5 exd5 21. Nxd5 Bd7 22. c4 f5 23. Rfe1 fxe4 24. fxe4 Nc6 25. Bc2 Ne5 26. Bb1 Rf7 27. Rf1 Rxf1+ 28. Kxf1 Be6 29. Ke2 Bxd5 30. exd5 Re8 31. Kf2 Nf7 32. a4 Nd6 33. Bd3 Kf6 34. Kf3 Ke5 35. Ke3 a6 36. g4 b5 37. axb5 axb5 38. cxb5 Kxd5+ 39. Kd2 c4 40. Be2 Rb8 41. Rb1 Rxb5 42. Rd1 Ke5 43. Kc3 Rb3+ 44. Kc2 Rh3 45. Rh1 Kd4 46. Rd1+ Kc5 47. Rh1 Ne4 48. Bf1 Rf3 49. Kc1 Rf2 50. h3 Ng3 51. Rg1 Rxf1+ 52. Rxf1 Nxf1 53. Kd1 c3 54. Kc2 Kc4 55. g5 Ne3+ 56. Kc1 c2 57. h4 Kb3 58. h5 gxh5 59. g6 hxg6 60. Kd2 Kb2 61. Ke2 c1Q 62. Kf3 Qf1+ 63. Kxe3 h4 64. Ke4 h3 65. Ke3 h2 66. Ke4 h1Q+ 67. Ke3 Qhf3+ 68. Kd2 Q1d3+ 69. Ke1 Qfe2# 0-1

[Event "North American op 29th"]
[Site "Las Vegas"]
[Date "2019.12.29"]
[Round "7"]
[White "Costello, Alexander"]
[Black "Paragua, Mark"]
[Result "0-1"]
[WhiteElo "2291"]
[BlackElo "2513"]
[PlyCount "68"]
[EventDate "2019.12.26"]
[EventType "swiss"]
[EventRounds "9"]
[EventCountry "USA"]
[SourceTitle "CBM 194 Extra"]
[Source "ChessBase"]
[SourceDate "2020.03.31"]
[SourceVersion "1"]
[SourceVersionDate "2020.03.31"]
[SourceQuality "1"]

1. e4 c5 2. Nf3 d6 3. Bb5+ Nc6 4. 0-0 Bd7 5. c3 Nf6 6. Re1 a6 7. Bf1 e6 8. d4 cxd4 9. cxd4 d5 10. e5 Ne4 11. Nbd2 Nxd2 12. Bxd2 Be7 13. a4 0-0 14. Qb3 Rb8 15. Rec1 f6 16. exf6 Rxf6 17. Qe3 h6 18. Bd3 Be8 19. Ne5 Bd6 20. Ng4 Rf4 21. Qxe6+ Bf7 22. Qe2 Rxd4 23. Bc3 Rxd3 24. Qxd3 d4 25. Rd1 Qg5 26. h3 dxc3 27. Qxd6 Rd8 28. Qxd8+ Nxd8 29. bxc3 Ne6 30. Rab1 Nf4 31. Kh2 Bd5 32. g3 Nxh3 33. Rb4 Nf4 34. f3 Bxf3 0-1

[Event "USA-ch U16"]
[Site "San Jose"]
[Date "2019.06.20"]
[Round "2"]
[White "Costello, Alexander"]
[Black "Hong, Andrew Z"]
[Result "0-1"]
[WhiteElo "2297"]
[BlackElo "2414"]
[PlyCount "186"]
[EventDate "2019.06.19"]
[EventType "tourn"]
[EventRounds "7"]
[EventCountry "USA"]
[EventCategory "4"]
[SourceTitle "CBM 191 Extra"]
[Source "ChessBase"]
[SourceDate "2019.09.30"]
[SourceVersion "1"]
[SourceVersionDate "2019.09.30"]
[SourceQuality "1"]

1. e4 c5 2. Nf3 d6 3. d4 cxd4 4. Nxd4 Nf6 5. Nc3 a6 6. Be3 e5 7. Nb3 Be7 8. f3 Be6 9. Qd2 Nbd7 10. 0-0-0 b5 11. Nd5 Bxd5 12. exd5 Nb6 13. Bxb6 Qxb6 14. Na5 0-0 15. Nc6 Rfe8 16. g3 Rac8 17. Bh3 Rc7 18. Rhe1 Bf8 19. f4 Nxd5 20. Nxe5 dxe5 21. Qxd5 Qh6 22. Bf5 g6 23. Bd3 Rce7 24. Kb1 exf4 25. Rxe7 Rxe7 26. a4 bxa4 27. Bxa6 Qxh2 28. gxf4 Qxf4 29. Bc4 Qe5 30. Qa8 a3 31. Qxa3 Kg7 32. Qf3 Ra7 33. c3 h5 34. Rf1 f5 35. Rg1 Bc5 36. Rd1 Qe4+ 37. Qxe4 fxe4 38. Bd5 Re7 39. Re1 e3 40. b4 Bd6 41. Kc2 Bg3 42. Re2 g5 43. Kd3 Bf2 44. b5 g4 45. b6 Rd7 46. c4 g3 47. b7 g2 48. b8Q g1Q 49. Qg8+ Kh6 50. Qxg1 Bxg1 51. Ke4 h4 52. Kf4 h3 53. Kg3 h2 54. Kg2 Kg5 55. Kh1 Kf4 56. Rc2 Re7 57. Re2 Ke5 58. Bf3 Rf7 59. Bg4 Rf4 60. Bh5 Rxc4 61. Ra2 Kf4 62. Rg2 Rc1 63. Ra2 Re1 64. Re2 Ra1 65. Rc2 Ra4 66. Kg2 Ra5 67. Be2 Rg5+ 68. Kh1 Kg3 69. Rc8 Rg7 70. Rf8 Rc7 71. Rf3+ Kh4 72. Rf4+ Kg5 73. Rg4+ Kf5 74. Ra4 Ke5 75. Ra5+ Kf4 76. Ra8 Kg3 77. Rf8 Rc2 78. Rf3+ Kh4 79. Rf4+ Kg5 80. Rg4+ Kf5 81. Rg2 Rc1 82. Bf3 Kf4 83. Bh5 Re1 84. Re2 Ra1 85. Rc2 e2 86. Rxe2 Kg3 87. Rg2+ Kh4 88. Rg8 Kxh5 89. Rh8+ Kg4 90. Rg8+ Kf3 91. Rf8+ Ke2 92. Kg2 h1Q+ 93. Kxh1 Bc5+ 0-1

[Event "Las Vegas National op"]
[Site "Las Vegas"]
[Date "2019.06.13"]
[Round "2"]
[White "Li, Ruifeng"]
[Black "Costello, Alexander"]
[Result "1-0"]
[WhiteElo "2546"]
[BlackElo "2297"]
[PlyCount "133"]
[EventDate "2019.06.12"]
[EventType "swiss"]
[EventRounds "9"]
[EventCountry "USA"]
[SourceTitle "CBM 190 Extra"]
[Source "ChessBase"]
[SourceDate "2019.07.15"]
[SourceVersion "1"]
[SourceVersionDate "2019.07.15"]
[SourceQuality "1"]

1. e4 e5 2. Nf3 Nc6 3. Bc4 Bc5 4. c3 Nf6 5. d3 a6 6. h3 d6 7. Bb3 Ba7 8. Nbd2 Ne7 9. Nf1 Ng6 10. Ng3 0-0 11. 0-0 Re8 12. Ng5 Re7 13. Nf5 Bxf5 14. exf5 Nf8 15. Ne4 N8d7 16. Bg5 d5 17. Ng3 c6 18. Qd2 h6 19. Be3 Qc7 20. Ne2 Bc5 21. Rae1 a5 22. Bc2 Rae8 23. Bxc5 Nxc5 24. g4 Qd6 25. f3 d4 26. c4 b5 27. b3 bxc4 28. bxc4 Rb7 29. Rb1 Rxb1 30. Rxb1 Qc7 31. Kg2 Nfd7 32. h4 Rb8 33. Qc1 Rxb1 34. Qxb1 Qb6 35. Qc1 a4 36. Kf1 Qa5 37. Qe1 Qb6 38. Qc1 Qa5 39. a3 Nb3 40. Qe1 Nd2+ 41. Kf2 Nc5 42. g5 hxg5 43. hxg5 Kf8 44. Qh1 Kg8 45. g6 fxg6 46. fxg6 Ne6 47. Qh3 Nf8 48. Qf5 Qd8 49. Qf7+ Kh8 50. Ng3 Qf6 51. Bxa4 Nxg6 52. Qxf6 gxf6 53. Bc2 Nh4 54. a4 Ndxf3 55. a5 Ng5 56. a6 Ne6 57. a7 Nc7 58. Ba4 c5 59. Ne4 Ng6 60. Nxc5 Ne7 61. Bd7 f5 62. Ne6 Na8 63. c5 Kg8 64. c6 Kf7 65. c7 Nb6 66. c8Q Nexc8 67. Bxc8 1-0